| 000 | 00732nab a2200205 i 4500 | ||
|---|---|---|---|
| 001 | 768714001 | ||
| 003 | CO-MdFUSB | ||
| 005 | 20230530122439.0 | ||
| 008 | 230530s1987 us ||||| |||| 00| 0 eng d | ||
| 040 |
_bspa _aCO-MdFUSB _cCO-MdFUSB _dCO-MdFUSB |
||
| 041 | _aeng | ||
| 100 |
_aZettler, Penny _eautor |
||
| 245 |
_aNot everyone learns alike _c/ Penny Zettler |
||
| 300 |
_aVolumen 8, número 3 (Summer 1987), páginas 28 - 33 _c; 27 cm |
||
| 520 | _aCómo enseñar de la manera en que las personas aprenden mejor. | ||
| 546 | _aTexto en Inglés | ||
| 653 | _aPedagogía | ||
| 773 | 0 |
_068780 _981986 _oR2474 _tLeadership : _w(CO-MdFUSB)768714001 _gVolumen 8, número 3 (Summer 1987), páginas 28 - 33 _qpágina 28 |
|
| 942 | _cANA | ||
| 999 |
_c68914 _d68914 |
||